El concierto económico vasco (Record no. 15660)

MARC details
000 -LEADER
campo de control de longitud fija 01076nam a2200241 i 4500
001 - NÚMERO DE CONTROL
campo de control 15660
003 - IDENTIFICADOR DE NÚMERO DE CONTROL
campo de control ES-MaACL
005 - FECHA Y HORA DE LA ÚLTIMA TRANSACCIÓN
campo de control 20250902090403.0
007 - CAMPO FIJO DE DESCRIPCIÓN FÍSICA--INFORMACIÓN GENERAL
campo de control de longitud fija t|
008 - DATOS DE LONGITUD FIJA--INFORMACIÓN GENERAL
campo de control de longitud fija 000316s1996 sp l |||| | spa d
020 ## - NÚMERO INTERNACIONAL ESTÁNDAR DEL LIBRO
Número Internacional Estándar del Libro 84-89318-85-9
080 ## - NÚMERO DE LA CLASIFICACIÓN DECIMAL UNIVERSAL
Número de la Clasificación Decimal Universal 351.713(460.15)
110 2# - ENTRADA PRINCIPAL--NOMBRE DE ENTIDAD CORPORATIVA
Nombre de entidad corporativa o nombre de jurisdicción como elemento de entrada Real Sociedad Bascongada de los Amigos del País.
Unidad subordinada Delegación en Corte.
-- Semana
Número del congreso/reunión o número de parte o sección (5ª.
Fecha del congreso o de la firma del tratado 1994.
Sede del congreso/Lugar de la reunión Madrid)
9 (RLIN) 6377
245 13 - MENCIÓN DEL TÍTULO
Título El concierto económico vasco
Resto del título : Actas V Semana Delegación en Corte de la Real Sociedad Bascongada de los Amigos del País, Madrid 19-22 noviembre 1995 /
Mención de responsabilidad, etc. dirección-coordinación, Guadalupe Rubio de Urquía, Juan Ignacio Unda Urzaiz.
260 ## - PUBLICACIÓN, DISTRIBUCIÓN, ETC.
Lugar de publicación, distribución, etc. Madrid :
Nombre del editor, distribuidor, etc. Delegación en Corte, Real Sociedad Bascongada de los Amigos del País,
Fecha de publicación, distribución, etc. 1996.
300 ## - DESCRIPCIÓN FÍSICA
Extensión 189 p. ;
Dimensiones 21 cm.
600 14 - PUNTO DE ACCESO ADICIONAL DE MATERIA--NOMBRE DE PERSONA
Nombre de persona Caro Baroja, Julio,
Fechas asociadas al nombre 1914-1995-
Subdivisión de forma Homenajes
9 (RLIN) 35405
650 17 - PUNTO DE ACCESO ADICIONAL DE MATERIA--TÉRMINO DE MATERIA
Término de materia o nombre geográfico como elemento de entrada Derecho fiscal-
Subdivisión geográfica País Vasco
Fuente del encabezamiento o término
9 (RLIN) 146915
700 1# - ENTRADA AGREGADA--NOMBRE PERSONAL
Nombre de persona Rubio de Urquía, Guadalupe
9 (RLIN) 100401
700 1# - ENTRADA AGREGADA--NOMBRE PERSONAL
Nombre de persona Unda Urzaiz, Juan Ignacio.
9 (RLIN) 111996
852 ## - LOCALIZACIÓN
Ubicación ES-MaACL
Número de control de estantería L-23048
Holdings
Estatus retirado Estado de pérdida Estado de daño No para préstamo Biblioteca de origen Biblioteca actual Ubicación en estantería Fecha de adquisición Fuente de adquisición Total de préstamos Signatura topográfica completa Código de barras Visto por última vez Precio de reemplazo Tipo de ítem Koha
        Biblioteca del Ateneo de Madrid Biblioteca del Ateneo de Madrid Depósito 2 17/01/2008     L-23048 1015919 23/02/2023 23/02/2023 Libro impreso